000 02324cam a2200541 a 4500
001 210862
003 OSt
005 20260618154339.0
008 990113s1998 fr a b 001 0bfre d
010 _a 99161610
020 _a2070114120
020 _a9782070114122
035 _a210862
035 _a(DLC) 99161610
035 _a(OCoLC)40449261
040 _aMNU
_cMNU
_dDLC
041 1 _afre
_hlat
042 _alccopycat
043 _af-ae---
050 0 0 _aBR65
082 0 0 _a270.2/092
_aB
_221
100 0 _aROUSSEAU, JEAN-JACQUES
_cof Hippo, Saint,
_d354-430.
_957380
240 1 0 _aWorks.
_kSelections.
_lFrench
245 1 4 _aLes confessions ;
_bprécédées de Dialogues philosophiques /
_cSaint Augustin ; édition publiée sous la direction de Lucien Jerphagnon avec, pour ce volume, la collaboration de Sophie Astic ... [et al.]
246 1 8 _aConfessions, Dialogues philosophiques
260 _aParis :
_bGallimard,
_c1998.
300 _axxxiv, 1520 p. :
_bill. ;
_c18 cm.
336 _atext
_btxt
_2rdacontent
337 _aunmediated
_bn
_2rdamedia
338 _avolume
_bnc
_2rdacarrier
440 0 _aBibliothèque de la Pléiade
_957381
490 1 _aŒuvres / Saint Augustine ;
_v1
500 _aContains translations into French of Confessiones, De ordine, De musica, De immortalitate animae, and other works of Augustine.
504 _aIncludes bibliographical references (p. [1451]-1455) and index.
600 0 0 _aAugustine,
_cof Hippo, Saint,
_d354-430.
_923477
610 2 0 _aCatholic Church
_zAlgeria
_zHippo (Extinct city)
_vBishops
_vBiography.
_957382
650 0 _aChristian saints
_zAlgeria
_zHippo (Extinct city)
_vBiography.
_957383
651 0 _aHippo (Extinct city)
_vBiography.
_957384
655 7 _aBiographies.
_2lcgft
_0https://id.loc.gov/authorities/genreForms/gf2014026049
_9321
700 1 _aAstic, Sophie.
_957385
700 1 _aJerphagnon, Lucien,
_d1921-2011.
_957386
700 0 2 _aAugustine,
_cof Hippo, Saint,
_d354-430.
_tConfessiones.
_lFrench.
_957387
800 0 _aAugustine,
_cof Hippo, Saint,
_d354-430.
_tWorks.
_lFrench.
_f1998 ;
_v1.
_957388
906 _a7
_bcbc
_ccopycat
_d2
_encip
_f19
_gy-gencatlg
942 _2lcc
_cBK
999 _c54523
_d54523